| 000 | 00411cam a2200169ua 4500 | ||
|---|---|---|---|
| 020 | _c8.25 | ||
| 041 |
_aeng _h |
||
| 082 |
_a551.1054 _bWAD/MI |
||
| 100 | _aWadia, Meher D.N . | ||
| 245 |
_aMinerals of India / _cD.N.Meher Wadia. _hTextual Documents |
||
| 260 |
_aIndia : _bNational Book Trust , _c1966. |
||
| 300 | _a199 ; . | ||
| 365 | _a8.25 | ||
| 504 | _a | ||
| 942 | _cBK | ||
| 999 |
_c10821 _d10821 |
||